| 000 | 01044nam a2200253Ia 4500 | ||
|---|---|---|---|
| 005 | 20151123143608.0 | ||
| 008 | 130821s2010 ag gr spa | ||
| 020 | _a9789502019994 | ||
| 020 | _a9789502020006 | ||
| 040 |
_aCO-BoUCM _bspa _cSandra Palacio (modificó) _dAldemar Mondragón (modificó) |
||
| 041 | 0 | _aspa | |
| 100 | 1 |
_aMartínez Neira, Néstor Humberto _929621 |
|
| 245 | 1 | 0 |
_aCátedra de derecho contractual societario _cNéstor Humberto Martínez Neira _bregulación comercial y bursátil de los actos y contratos societarios |
| 260 |
_aBuenos Aires (Argentina) _bAlbedoPerrot _c2010 |
||
| 300 | _axxx, 674 páginas | ||
| 504 | _aIncluye referencias bibliográficas e índices | ||
| 650 | 7 |
_aCompañías _xLegislación _zColombia _911234 |
|
| 650 | 7 |
_aDerecho comercial _912717 |
|
| 650 | 7 |
_aDerecho comercial _zColombia _933552 |
|
| 650 | 7 |
_aSociedades comerciales _xLegislación _zColombia _924740 |
|
| 690 | _aDerecho comercial | ||
| 942 |
_cLIBRO _a8 _e1 _mM385c _2DEWEY _h346.066 |
||
| 999 |
_c65309 _d65309 |
||